[Event "GER HS-066 email"]
[Site "GER email"]
[Date "2009.10.18"]
[Round "?"]
[White "Hansen, Marc"]
[Black "Watson, Roland"]
[Result "1/2-1/2"]
[WhiteElo "1882"]
[BlackElo "1915"]
[PlyCount "86"]
[EventDate "2009.10.22"]
[EventType "tourn (corr)"]
[EventRounds "6"]
[EventCountry "GER"]
[SourceTitle "Corr 2013"]
[Source "ChessBase"]
[SourceDate "2012.11.12"]
[SourceVersion "1"]
[SourceVersionDate "2012.11.12"]
[SourceQuality "1"]

1. d4 Nf6 2. c4 g6 3. Nc3 Bg7 4. e4 d6 5. Nf3 0-0 6. Be2 e5 7. 0-0 Nc6 8. d5 Ne7 9. Bg5 h6 10. Bxf6 Bxf6 11. b4 Bg7 12. a4 f5 13. a5 fxe4 14. Nxe4 Bf5 15. Nfd2 h5 16. a6 b6 17. b5 Bd7 18. Nf3 Nf5 19. Qc2 Bh6 20. Bd3 h4 21. h3 Ng7 22. Be2 Qe7 23. Rfe1 Rae8 24. Ra2 Nh5 25. Nh2 Nf4 26. Ng4 Nxe2+ 27. Qxe2 Kg7 28. Ra3 Rf4 29. f3 Rf7 30. Ngf2 Bf5 31. Raa1 Bf4 32. Rf1 Bg3 33. Qd2 Ref8 34. Rad1 Bxf2+ 35. Nxf2 Bd7 36. Qc3 Qg5 37. Ne4 Qe7 38. Rde1 Rf4 39. Re2 Bf5 40. Nf2 Qg5 41. Rd1 Qg3 42. Re3 Kg8 43. Rd2 Kh7 1/2-1/2

[Event "GER HS-066 email"]
[Site "GER email"]
[Date "2009.10.18"]
[Round "?"]
[White "Hueser, Udo"]
[Black "Hansen, Marc"]
[Result "1-0"]
[WhiteElo "1852"]
[BlackElo "1882"]
[PlyCount "84"]
[EventDate "2009.10.22"]
[EventType "tourn (corr)"]
[EventRounds "6"]
[EventCountry "GER"]
[SourceTitle "Corr 2013"]
[Source "ChessBase"]
[SourceDate "2012.11.12"]
[SourceVersion "1"]
[SourceVersionDate "2012.11.12"]
[SourceQuality "1"]

1. d4 Nf6 2. c4 e6 3. Nf3 b6 4. a3 Ba6 5. Qc2 Bb7 6. Nbd2 d5 7. cxd5 exd5 8. g3 Bd6 9. Bg2 0-0 10. 0-0 Re8 11. e3 Nbd7 12. b3 Ba6 13. Rd1 Rc8 14. Bb2 c5 15. Qf5 Qe7 16. h3 h6 17. Rdc1 g6 18. Qb1 Ne4 19. Nxe4 dxe4 20. Nd2 cxd4 21. Bxd4 Rxc1+ 22. Qxc1 f5 23. Qc6 Ne5 24. Qa4 Bd3 25. Rc1 Rd8 26. Rc3 Bxa3 27. b4 Bxb4 28. Bxe5 Bxc3 29. Bxc3 Rc8 30. Bb2 Kh7 31. h4 b5 32. Qa1 h5 33. Qa6 Rc7 34. Bf6 Qd7 35. Qa3 Qe6 36. Bd8 Rd7 37. Ba5 Be2 38. Qb2 Qa6 39. Bb4 Bd3 40. Qe5 Qc8 41. Bc3 Qf8 42. Nb3 Re7 1-0

[Event "GER HS-066 email"]
[Site "GER email"]
[Date "2009.10.18"]
[Round "?"]
[White "Klaus"]
[Black "Hansen, Marc"]
[Result "1-0"]
[WhiteElo "1854"]
[BlackElo "1882"]
[PlyCount "65"]
[EventDate "2009.10.22"]
[EventType "tourn (corr)"]
[EventRounds "6"]
[EventCountry "GER"]
[SourceTitle "Corr 2013"]
[Source "ChessBase"]
[SourceDate "2012.11.12"]
[SourceVersion "1"]
[SourceVersionDate "2012.11.12"]
[SourceQuality "1"]

1. d4 Nf6 2. c4 e6 3. Nf3 Bb4+ 4. Nbd2 d5 5. Qa4+ Nc6 6. e3 0-0 7. a3 Bd6 8. Qc2 e5 9. cxd5 Nxd5 10. dxe5 Nxe5 11. Nxe5 Bxe5 12. Bd3 g6 13. Nf3 Bd6 14. h4 Bg4 15. h5 Qf6 16. Bd2 Rad8 17. hxg6 fxg6 18. 0-0-0 Be5 19. Bc4 b5 20. Ba2 Be6 21. Rh4 Rde8 22. Rdh1 Re7 23. Re4 Bf7 24. Nxe5 Rxe5 25. Reh4 h5 26. f4 Ree8 27. e4 Ne7 28. Bxf7+ Rxf7 29. g4 Qc6 30. gxh5 Qxc2+ 31. Kxc2 Rg7 32. Bc3 Rh7 33. Rg4 1-0

[Event "IECG CM.2008.0.00317 email"]
[Site "IECG email"]
[Date "2008.01.11"]
[Round "?"]
[White "Hansen, Marc"]
[Black "Atuan, Daniel"]
[Result "0-1"]
[WhiteElo "2232"]
[BlackElo "2129"]
[PlyCount "20"]
[EventDate "2008.01.11"]
[EventType "tourn (corr)"]
[EventRounds "6"]
[SourceTitle "Corr 2024"]
[Source "ChessBase"]
[SourceDate "2023.10.19"]
[SourceVersion "1"]
[SourceVersionDate "2023.10.19"]
[SourceQuality "1"]

1. d4 Nf6 2. c4 e6 3. Nc3 Bb4 4. Qc2 0-0 5. a3 Bxc3+ 6. Qxc3 b6 7. Bg5 Bb7 8. e3 d6 9. f3 Nbd7 10. Ne2 c5 0-1

[Event "Hannover-ch C/D"]
[Site "Bueckeburg"]
[Date "2007.11.03"]
[Round "6"]
[White "Hansen, Marc"]
[Black "Maetzig, Jonas"]
[Result "0-1"]
[WhiteElo "1797"]
[BlackElo "1789"]
[PlyCount "46"]
[EventDate "2007.11.01"]
[EventType "swiss"]
[EventRounds "7"]
[EventCountry "GER"]
[SourceTitle "EXT 2021"]
[Source "ChessBase"]
[SourceDate "2020.10.23"]
[SourceVersion "1"]
[SourceVersionDate "2020.10.23"]
[SourceQuality "1"]

1. d4 Nf6 2. c4 c6 3. Nf3 d5 4. Nc3 dxc4 5. a4 e6 6. Bg5 Qb6 7. Qc2 Nbd7 8. e4 Qb3 9. Qxb3 cxb3 10. Bc4 Bb4 11. Nd2 0-0 12. Bxb3 h6 13. Bh4 c5 14. dxc5 g5 15. Bg3 Nxc5 16. Bc2 Rd8 17. 0-0-0 b6 18. f3 Ba6 19. Nb5 Bxb5 20. axb5 a6 21. bxa6 Rxa6 22. Nb3 Rc8 23. Nxc5 Ra1+ 0-1

[Event "IECG CM.2006.0.00294 email"]
[Site "IECG email"]
[Date "2006.01.18"]
[Round "?"]
[White "Tasic, Vladimir"]
[Black "Hansen, Marc"]
[Result "1-0"]
[WhiteElo "2218"]
[BlackElo "2233"]
[PlyCount "37"]
[EventDate "2006.01.18"]
[EventType "tourn (corr)"]
[EventRounds "6"]
[SourceTitle "Corr 2008"]
[Source "ChessBase"]
[SourceDate "2008.06.24"]
[SourceVersion "1"]
[SourceVersionDate "2008.06.24"]
[SourceQuality "1"]

1. e4 c5 2. Nf3 d6 3. d4 cxd4 4. Nxd4 Nf6 5. Nc3 a6 6. Bc4 b5 7. Bb3 e6 8. 0-0 Be7 9. Qf3 Qc7 10. Qg3 Nc6 11. Nxc6 Qxc6 12. Re1 Bb7 13. a3 Rd8 14. f3 0-0 15. Bh6 Ne8 16. Rad1 Bf6 17. Rd3 a5 18. Bg5 Ba6 19. Bxf6 1-0

[Event "IECG CM.2006.0.00294 email"]
[Site "IECG email"]
[Date "2006.01.18"]
[Round "?"]
[White "Turko, Sergey"]
[Black "Hansen, Marc"]
[Result "1-0"]
[WhiteElo "2226"]
[BlackElo "2233"]
[PlyCount "23"]
[EventDate "2006.01.18"]
[EventType "tourn (corr)"]
[EventRounds "6"]
[SourceTitle "Corr 2024"]
[Source "ChessBase"]
[SourceDate "2023.10.19"]
[SourceVersion "1"]
[SourceVersionDate "2023.10.19"]
[SourceQuality "1"]

1. e4 c5 2. Nf3 d6 3. d4 cxd4 4. Nxd4 Nf6 5. Nc3 a6 6. Be3 e5 7. Nb3 Be6 8. Qd2 Nbd7 9. f3 Be7 10. g4 Qc7 11. 0-0-0 0-0 12. g5 1-0

[Event "Stuttgart-chA int"]
[Site "Ditzingen"]
[Date "2005.05.06"]
[Round "4"]
[White "Kaplunov, Vadym"]
[Black "Hansen, Marc"]
[Result "1/2-1/2"]
[WhiteElo "2063"]
[BlackElo "1891"]
[PlyCount "52"]
[EventDate "2005.05.05"]
[EventType "swiss"]
[EventRounds "7"]
[EventCountry "GER"]
[SourceTitle "EXT 2018"]
[Source "ChessBase"]
[SourceDate "2017.10.13"]
[SourceVersion "1"]
[SourceVersionDate "2017.10.13"]
[SourceQuality "1"]

1. c4 b6 2. Nc3 c5 3. Nf3 Bb7 4. e3 Nf6 5. d4 cxd4 6. exd4 e6 7. Be2 Be7 8. 0-0 0-0 9. Bf4 d5 10. Ne5 dxc4 11. Nxc4 Nd5 12. Bg3 Nc6 13. Ne5 Nxe5 14. Bxe5 Bd6 15. Bxd6 Qxd6 16. Bf3 Nxc3 17. bxc3 Bd5 18. Bxd5 Qxd5 19. Qb3 Rfd8 20. Rfe1 Rac8 21. Re3 g6 22. h3 Qc4 23. Rd1 Qd5 24. Rb1 Qc4 25. Qa3 Qc7 26. Qb3 Qc4 1/2-1/2

[Event "Stuttgart-chA int"]
[Site "Ditzingen"]
[Date "2005.05.05"]
[Round "2"]
[White "Szenetra, Werner"]
[Black "Hansen, Marc"]
[Result "1-0"]
[WhiteElo "2190"]
[BlackElo "1891"]
[PlyCount "55"]
[EventDate "2005.05.05"]
[EventType "swiss"]
[EventRounds "7"]
[EventCountry "GER"]
[SourceTitle "EXT 2018"]
[Source "ChessBase"]
[SourceDate "2017.10.13"]
[SourceVersion "1"]
[SourceVersionDate "2017.10.13"]
[SourceQuality "1"]

1. e4 c5 2. Nf3 Nc6 3. d3 d6 4. g3 g6 5. Bg2 Bg7 6. 0-0 e6 7. Re1 Nge7 8. c3 0-0 9. Nbd2 Qc7 10. a4 b6 11. Nf1 d5 12. Qe2 Bb7 13. e5 d4 14. c4 Nb4 15. Bf4 a6 16. h4 Qd7 17. N1h2 Nbc6 18. Ng4 f5 19. exf6 Bxf6 20. Qxe6+ Qxe6 21. Rxe6 Bg7 22. Nfe5 Bc8 23. Rxc6 Nxc6 24. Bxc6 Bxg4 25. Nxg4 Ra7 26. a5 bxa5 27. Rxa5 Rf5 28. Be4 1-0

[Event "IECG CM.2004.0.00255 email"]
[Site "IECG email"]
[Date "2004.08.24"]
[Round "?"]
[White "Hansen, Marc"]
[Black "Granara Barreto, Sebastian"]
[Result "0-1"]
[WhiteElo "2213"]
[BlackElo "2248"]
[PlyCount "41"]
[EventDate "2004.08.24"]
[EventType "tourn (corr)"]
[EventRounds "6"]
[SourceTitle "Corr 2024"]
[Source "ChessBase"]
[SourceDate "2023.10.19"]
[SourceVersion "1"]
[SourceVersionDate "2023.10.19"]
[SourceQuality "1"]

1. e4 c5 2. Nf3 Nc6 3. d4 cxd4 4. Nxd4 Nf6 5. Nc3 e5 6. Ndb5 d6 7. Bg5 a6 8. Na3 b5 9. Bxf6 gxf6 10. Nd5 Bg7 11. Bd3 Ne7 12. Nxe7 Qxe7 13. 0-0 0-0 14. c4 f5 15. Qf3 Qb7 16. exf5 Qxf3 17. gxf3 e4 18. Bxe4 d5 19. Bxd5 Bxf5 20. Bxa8 Rxa8 21. Rae1 0-1

[Event "IECG TE.2004.P.01506"]
[Site "IECG email"]
[Date "2004.06.17"]
[Round "?"]
[White "Amir, Jacob"]
[Black "Hansen, Marc"]
[Result "0-1"]
[WhiteElo "1311"]
[BlackElo "2193"]
[PlyCount "70"]
[EventDate "2004.06.17"]
[EventType "tourn (corr)"]
[EventRounds "8"]
[SourceTitle "Corr 2008"]
[Source "ChessBase"]
[SourceDate "2008.06.24"]
[SourceVersion "1"]
[SourceVersionDate "2008.06.24"]
[SourceQuality "1"]

1. e4 e6 2. d4 d5 3. Nc3 Nf6 4. Bg5 Bb4 5. e5 h6 6. Bd2 Bxc3 7. bxc3 Ne4 8. Qg4 g6 9. Bd3 Nxd2 10. Kxd2 c5 11. dxc5 Qc7 12. Nf3 Nd7 13. Bb5 Qxc5 14. Nd4 a6 15. Bxd7+ Bxd7 16. Rab1 Rc8 17. Qf3 Qc7 18. Rhe1 0-0 19. h4 Kh7 20. Re3 Bb5 21. g4 Bc4 22. a4 b5 23. axb5 Rb8 24. Rb4 Bxb5 25. Nxb5 Rxb5 26. Rxb5 axb5 27. Re1 Rc8 28. Re3 b4 29. Qg3 d4 30. Rd3 dxc3+ 31. Kc1 Qa5 32. Kd1 Qa1+ 33. Ke2 Qc1 34. Qf3 Qxc2+ 35. Kf1 Qxd3+ 0-1

[Event "IECG WC.2008.P.00025 email"]
[Site "IECG email"]
[Date "2004.03.05"]
[Round "?"]
[White "Hansen, Marc"]
[Black "Dehaybe, Andre"]
[Result "1-0"]
[WhiteElo "2224"]
[BlackElo "1869"]
[PlyCount "33"]
[EventDate "2004.03.05"]
[EventType "tourn (corr)"]
[EventRounds "6"]
[SourceTitle "Corr 2008"]
[Source "ChessBase"]
[SourceDate "2008.06.24"]
[SourceVersion "1"]
[SourceVersionDate "2008.06.24"]
[SourceQuality "1"]

1. e4 e5 2. Nf3 Nc6 3. Bb5 Nf6 4. 0-0 Nxe4 5. d4 Nd6 6. Bxc6 dxc6 7. dxe5 Ne4 8. Qe2 Bf5 9. Rd1 Qc8 10. Rd4 Nc5 11. Be3 Ne6 12. Rd2 Be7 13. Nc3 0-0 14. Rad1 Rd8 15. Rxd8+ Bxd8 16. Ne1 Bg5 17. g4 1-0

[Event "IECG WC.2008.P.00025 email"]
[Site "IECG email"]
[Date "2004.03.05"]
[Round "?"]
[White "Heyn, Wolfgang"]
[Black "Hansen, Marc"]
[Result "1/2-1/2"]
[WhiteElo "2171"]
[BlackElo "2224"]
[PlyCount "63"]
[EventDate "2004.03.05"]
[EventType "tourn (corr)"]
[EventRounds "6"]
[SourceTitle "Corr 2008"]
[Source "ChessBase"]
[SourceDate "2008.06.24"]
[SourceVersion "1"]
[SourceVersionDate "2008.06.24"]
[SourceQuality "1"]

1. e4 c5 2. Nf3 d6 3. d4 cxd4 4. Nxd4 Nf6 5. Nc3 Nc6 6. Bg5 e6 7. Qd2 Be7 8. 0-0-0 0-0 9. Nb3 Qb6 10. f3 Rd8 11. Nb5 Rd7 12. Qe1 a6 13. N5d4 Qc7 14. g4 Ne5 15. Kb1 Rd8 16. h4 d5 17. exd5 Rxd5 18. Bf4 Bd6 19. Bh2 b5 20. g5 Nh5 21. f4 Nc4 22. Bg2 Bb7 23. Bxd5 Bxd5 24. Rf1 Bxf4 25. Bxf4 Nxf4 26. Qg3 e5 27. Rde1 Rc8 28. Rf2 Ng2 29. Rxg2 Bxg2 30. Qxg2 exd4 31. Qf2 b4 32. Nxd4 1/2-1/2

[Event "IECG CP.2003.P.00046 email"]
[Site "IECG email"]
[Date "2003.10.01"]
[Round "?"]
[White "Hansen, Marc"]
[Black "Stenstrup, Claus"]
[Result "1-0"]
[WhiteElo "2253"]
[BlackElo "1428"]
[PlyCount "33"]
[EventDate "2003.10.01"]
[EventType "tourn (corr)"]
[EventRounds "6"]
[EventCountry "GER"]
[SourceTitle "Corr 2008"]
[Source "ChessBase"]
[SourceDate "2008.06.24"]
[SourceVersion "1"]
[SourceVersionDate "2008.06.24"]
[SourceQuality "1"]

1. e4 e5 2. Nf3 Nf6 3. Nxe5 d6 4. Nf3 Nxe4 5. d4 d5 6. Bd3 Be7 7. 0-0 Bg4 8. Re1 f5 9. c4 Nf6 10. Qb3 Bxf3 11. Qxb7 Nbd7 12. gxf3 Qb8 13. Qc6 Qd8 14. Bf4 Rc8 15. c5 Kf8 16. Bxf5 h6 17. Bg6 1-0

[Event "IECG CP.2003.P.00046 email"]
[Site "IECG email"]
[Date "2003.10.01"]
[Round "?"]
[White "Keener, Darin J"]
[Black "Hansen, Marc"]
[Result "0-1"]
[WhiteElo "800"]
[BlackElo "2253"]
[PlyCount "68"]
[EventDate "2003.10.01"]
[EventType "tourn (corr)"]
[EventRounds "6"]
[EventCountry "GER"]
[SourceTitle "Corr 2008"]
[Source "ChessBase"]
[SourceDate "2008.06.24"]
[SourceVersion "1"]
[SourceVersionDate "2008.06.24"]
[SourceQuality "1"]

1. e4 c5 2. c3 e6 3. d4 d5 4. e5 Nc6 5. Nf3 Qb6 6. Be2 cxd4 7. cxd4 Nge7 8. Nc3 Nf5 9. Na4 Qa5+ 10. Bd2 Bb4 11. Bc3 a6 12. 0-0 Bxc3 13. bxc3 b5 14. Nc5 Qxc3 15. Rc1 Qa3 16. Qd2 Qb4 17. Qxb4 Nxb4 18. a3 Nc6 19. Rfd1 Nfe7 20. Bd3 Rb8 21. Be2 0-0 22. Bd3 a5 23. a4 bxa4 24. Nxa4 Rb4 25. Nc5 Rd8 26. Bc2 Bd7 27. h3 h6 28. Ra1 Be8 29. g4 Rc8 30. Ba4 Kf8 31. Kg2 Nxd4 32. Bxe8 Nxf3 33. Kxf3 Rxc5 34. Ba4 Rc3+ 0-1

[Event "IECG CA.2003.0.00096 email"]
[Site "IECG email"]
[Date "2003.06.20"]
[Round "?"]
[White "Fels, Bernhard"]
[Black "Hansen, Marc"]
[Result "1/2-1/2"]
[WhiteElo "2156"]
[BlackElo "2000"]
[PlyCount "47"]
[EventDate "2003.06.20"]
[EventType "tourn (corr)"]
[EventRounds "6"]
[SourceTitle "Corr 2008"]
[Source "ChessBase"]
[SourceDate "2008.06.24"]
[SourceVersion "1"]
[SourceVersionDate "2008.06.24"]
[SourceQuality "1"]

1. d4 Nf6 2. c4 c5 3. d5 e6 4. Nc3 exd5 5. cxd5 d6 6. e4 g6 7. Nge2 Bg7 8. Ng3 0-0 9. Be2 Re8 10. 0-0 a6 11. a4 Nbd7 12. Bg5 h6 13. Bd2 Rb8 14. Qc1 h5 15. Bg5 Qc7 16. Qd2 Nh7 17. Bh6 Bd4 18. Bd1 h4 19. Nge2 Bf6 20. h3 b5 21. axb5 axb5 22. Bc2 Qb6 23. Nd1 Ne5 24. Kh1 1/2-1/2

[Event "IECG CA.2003.0.00096 email"]
[Site "IECG email"]
[Date "2003.06.20"]
[Round "?"]
[White "Kunakov, Oleg"]
[Black "Hansen, Marc"]
[Result "0-1"]
[WhiteElo "2007"]
[BlackElo "2000"]
[PlyCount "30"]
[EventDate "2003.06.20"]
[EventType "tourn (corr)"]
[EventRounds "6"]
[SourceTitle "Corr 2008"]
[Source "ChessBase"]
[SourceDate "2008.06.24"]
[SourceVersion "1"]
[SourceVersionDate "2008.06.24"]
[SourceQuality "1"]

1. e4 c5 2. Nc3 Nc6 3. f4 g6 4. Nf3 Bg7 5. Bc4 e6 6. 0-0 Nge7 7. Qe1 0-0 8. d3 d5 9. Bb3 Nd4 10. Nxd4 cxd4 11. Ne2 dxe4 12. dxe4 b6 13. Qf2 Bb7 14. e5 Nf5 15. Rd1 Nh4 0-1

[Event "IECG CA.2003.0.00094 email"]
[Site "IECG email"]
[Date "2003.05.20"]
[Round "1"]
[White "Hansen, Marc"]
[Black "Fernandez, Javier Horacio"]
[Result "1/2-1/2"]
[WhiteElo "2000"]
[BlackElo "2028"]
[PlyCount "82"]
[EventDate "2003.05.20"]
[EventType "tourn (corr)"]
[EventRounds "6"]
[SourceTitle "Corr 2008"]
[Source "ChessBase"]
[SourceDate "2008.06.24"]
[SourceVersion "1"]
[SourceVersionDate "2008.06.24"]
[SourceQuality "1"]

1. e4 c6 2. d4 d5 3. exd5 cxd5 4. c4 Nf6 5. Nc3 Nc6 6. Bg5 Be6 7. a3 Qd7 8. Bxf6 gxf6 9. c5 Bg4 10. f3 Bf5 11. Bb5 e5 12. Nge2 Rg8 13. Bxc6 bxc6 14. g4 Bg6 15. b4 Qe6 16. b5 exd4 17. Qxd4 f5 18. 0-0-0 0-0-0 19. Qa4 cxb5 20. Nxb5 Bxc5 21. Nf4 Qf6 22. g5 Qa1+ 23. Kc2 Qa2+ 24. Kd3 Kb8 25. Rb1 Qc4+ 26. Qxc4 dxc4+ 27. Kxc4 Bb6 28. Rhd1 Rxd1 29. Rxd1 Rc8+ 30. Kb3 Be3 31. Nxg6 fxg6 32. h4 Bf2 33. Rd7 a6 34. Nd4 Rc7 35. Rd6 Rb7+ 36. Kc4 Bxh4 37. Ne6 a5 38. Rd8+ Ka7 39. Rd5 Be1 40. Re5 Bd2 41. Rd5 Be1 1/2-1/2

[Event "IECG CA.2003.0.00094 email"]
[Site "IECG email"]
[Date "2003.05.20"]
[Round "?"]
[White "Pannekoek, Willem Jan"]
[Black "Hansen, Marc"]
[Result "1-0"]
[WhiteElo "2000"]
[BlackElo "2000"]
[PlyCount "95"]
[EventDate "2003.05.20"]
[EventType "tourn (corr)"]
[EventRounds "6"]
[SourceTitle "Corr 2008"]
[Source "ChessBase"]
[SourceDate "2008.06.24"]
[SourceVersion "1"]
[SourceVersionDate "2008.06.24"]
[SourceQuality "1"]

1. e4 c5 2. Nf3 Nc6 3. d4 cxd4 4. Nxd4 Nf6 5. Nc3 e5 6. Ndb5 d6 7. Bg5 a6 8. Na3 b5 9. Bxf6 gxf6 10. Nd5 f5 11. Bd3 Be6 12. 0-0 Bxd5 13. exd5 Ne7 14. c4 Bg7 15. Qd2 e4 16. Be2 bxc4 17. Nxc4 0-0 18. Rac1 Rb8 19. b4 Rb5 20. Ne3 f4 21. Nc2 Rxd5 22. Qxf4 Re5 23. Bxa6 Nd5 24. Qd2 Qh4 25. g3 Qh3 26. Be2 Nc3 27. Bg4 Qxg4 28. Qxc3 Qe6 29. a4 Qd7 30. Qd2 Qxa4 31. Qxd6 Rfe8 32. Rfe1 R5e6 33. Qd2 Qa2 34. Re2 Bh6 35. Ne3 Qa6 36. Ree1 Qb5 37. Rc5 Qd3 38. Qc1 Rd8 39. Rc3 Qb5 40. Rc4 Rde8 41. Qc2 Bxe3 42. Rxe3 Qd5 43. Rc5 Qd4 44. b5 Rd6 45. Kg2 Rb6 46. Rc8 Qd7 47. Rec3 Kg7 48. Rxe8 1-0